| 000 | 01494nam a22003617a 4500 | ||
|---|---|---|---|
| 003 | BO-EaUP | ||
| 005 | 20250616153745.0 | ||
| 008 | 250616b |||||||| |||| 00| 0 eng d | ||
| 020 | _a3-8228-1878-x | ||
| 040 |
_aBO-EaUP _bspa _cBiblioteca de Arquitectura _eRDA |
||
| 041 |
_aspa _hGermany |
||
| 043 | _ae-sp | ||
| 082 |
_21 _a712.02 |
||
| 092 |
_a712.02 _SST872v. |
||
| 100 |
_aBarbara Renè Stoeltie _cIng. _eAutor _95929 |
||
| 242 | _aVivir en Marruecco; | ||
| 245 |
_aVivir en Marruecos; _cStoeltie Barbara Rene |
||
| 250 | _aPrimera Ediciòn; | ||
| 260 | _a2003 | ||
| 300 |
_a280 paginas; _bFotos; Figuras; Ilustraciones; _c26 x 30 centimetros |
||
| 336 |
_2rda contenido _atexto _btxt |
||
| 337 |
_2rdamedia _ano mediado _bn |
||
| 338 |
_2rdacarrier _avolumen _bnc |
||
| 500 | _aTraduccion Original en Germany "Vivir en Marruecos" | ||
| 505 | _a1. AMANJENA Marrakech - Menara; | ||
| 505 | _a2. BLED ROKNINE Christine et Abdelaziz Alaoui Marrakech - La Palmeraie; | ||
| 505 | _aELIE MOUYAL Marrakech - La Palmeraie; | ||
| 505 | _aBILL WILLIS Marrakech - Sidi Bel Abbes; | ||
| 505 | _aLE PALAIS AYADI Marrakech - Bab - el Khemis | ||
| 520 | _aNada de lo contenido en este rincon excepcional recuerda a la idea que tenemos de un hotel. Situado a varios Kilómetros de Marrakech, el Amanjena - cuyo nombre esta compuesto por las palabras "Aman", del indonesio, que significa "apacible". | ||
| 700 |
_aAngelika Taschen _eAutor _95930 |
||
| 942 |
_2ddc _n0 _cBK _e1 |
||
| 999 |
_c5228 _d5228 |
||